<?xml version="1.0" encoding="utf-8"?>
<?xml-stylesheet type='text/xsl' href='./oai2.xsl'?>
<OAI-PMH xmlns="http://www.openarchives.org/OAI/2.0/" xmlns:xsi="http://www.w3.org/2001/XMLSchema-instance" xsi:schemaLocation="http://www.openarchives.org/OAI/2.0/ http://www.openarchives.org/OAI/2.0/OAI-PMH.xsd">
  <responseDate>2026-06-06T03:14:48Z</responseDate>
  <request verb="GetRecord" metadataPrefix="marcxml" identifier="record_kuniweb_412642">https://kulturerbe.niedersachsen.de/oai</request>
  <GetRecord>
    <record>
      <header>
        <identifier>record_kuniweb_412642</identifier>
        <datestamp>2026-03-31T19:09:18Z</datestamp>
        <setSpec>slg0184</setSpec>
      </header>
      <metadata>
        <marc:record xmlns:marc="http://www.loc.gov/MARC21/slim" xsi:schemaLocation="http://www.loc.gov/MARC21/slim http://www.loc.gov/standards/marcxml/schema/MARC21slim.xsd">
          <marc:leader>12345nkm  22     uu 4500</marc:leader>
          <marc:controlfield tag="001">412642</marc:controlfield>
          <marc:controlfield tag="003">http://kuniweb.gbv.de</marc:controlfield>
          <marc:controlfield tag="005">2021-09-17T12:10:56</marc:controlfield>
          <marc:controlfield tag="008">|           ||||||||||||||||||||||</marc:controlfield>
          <marc:datafield tag="245" ind1="1" ind2="0">
            <marc:subfield code="a">Himmelfahrt eines Heiligen</marc:subfield>
          </marc:datafield>
          <marc:datafield tag="720" ind1=" " ind2=" ">
            <marc:subfield code="a">Donato Creti</marc:subfield>
          </marc:datafield>
          <marc:datafield tag="655" ind1=" " ind2="7">
            <marc:subfield code="a">Grafik</marc:subfield>
          </marc:datafield>
          <marc:datafield tag="046" ind1=" " ind2=" ">
            <marc:subfield code="k">1700</marc:subfield>
            <marc:subfield code="k">1. Hälfte 18. Jahrhundert</marc:subfield>
            <marc:subfield code="l">1749</marc:subfield>
          </marc:datafield>
          <marc:datafield tag="260" ind1=" " ind2=" ">
            <marc:subfield code="g">1700</marc:subfield>
            <marc:subfield code="g">1749</marc:subfield>
            <marc:subfield code="g">1. Hälfte 18. Jahrhundert</marc:subfield>
          </marc:datafield>
          <marc:datafield tag="300" ind1=" " ind2=" ">
            <marc:subfield code="a">Höhe: 21,7 cm
Breite: 16,6 cm</marc:subfield>
          </marc:datafield>
          <marc:datafield tag="520" ind1=" " ind2=" ">
            <marc:subfield code="a">Das Blatt zeigt die Auferstehung, bzw. die Himmelfahrt eines nicht näher identifizierten Heiligen in einem langen Gewand. Die Emporhebung in den Himmel wird durch die beiden Engel betont, die den Heiligen in andere Sphären zu heben scheinen. Ein Blick in das Gesicht des in einem langen Gewand dargestellten Heiligen (oder Mönch?) verrät die Ekstase, in der sich der in den Himmel empor fahrende zu befinden scheint. Mit lockeren Federstrichen sind die Umrisslinien der Figur charakterisiert.
Hinsichtlich der Zuschreibung ist an Donato Creti gedacht worden. Möglich wäre aber auch eine Zuweisung an den Venezianer Pietro Antonio Novelli (1729-1804). Hierfür spricht auch die Tatsache, dass der Zeichner hinsichtlich der Strichführung und Bildkomposition von Giovanni Battista Tiepolo (1696-1770) inspiriert worden ist. (Lars Berg; Städtisches Museum Braunschweig)

Aufschrift:
Rückseite u. Mitte: "Seb. Ricci" (Bleistift)

Stempel:
Sammlerstempel unten links nicht identifiziert. Sammlerstempel unten rechts: Max Graff (Lugt 1157b) (Signatur)

Literatur in Zusammenhang:
„Donato Creti : 46 disegni inediti“. Vecchietti, Bologna, 1973.

Literatur in Zusammenhang:
„Donato Creti : i disegni della raccolta Certani alla Fondazione Giorgio Cini“. Marsilio, Venezia, 2011.

Literatur in Zusammenhang:
„Donato Creti : melanconia e perfezione ; le storie di Achille, le Virtù e i chiaroscuri della donazione Collina Sbaraglia al Senato di Bologna. Donato Creti - melancholy and perfection. Cataloghi dei Musei d' Arte Antica di Bologna“. Olivares, Milano, 1998.</marc:subfield>
          </marc:datafield>
          <marc:datafield tag="650" ind1="1" ind2=" ">
            <marc:subfield code="a">Zeichnung</marc:subfield>
          </marc:datafield>
          <marc:datafield tag="650" ind1="1" ind2=" ">
            <marc:subfield code="a">Religion</marc:subfield>
          </marc:datafield>
          <marc:datafield tag="650" ind1="1" ind2=" ">
            <marc:subfield code="a">Graphik</marc:subfield>
          </marc:datafield>
          <marc:datafield tag="650" ind1="1" ind2=" ">
            <marc:subfield code="a">Grafik, Fotografie &gt; Zeichnung &gt; Federzeichnung</marc:subfield>
          </marc:datafield>
          <marc:datafield tag="650" ind1="1" ind2=" ">
            <marc:subfield code="a">Bildwerke/Bildende Kunst</marc:subfield>
          </marc:datafield>
          <marc:datafield tag="773" ind1="0" ind2=" ">
            <marc:subfield code="t">Sammlung Grafik</marc:subfield>
          </marc:datafield>
          <marc:datafield tag="852" ind1=" " ind2=" ">
            <marc:subfield code="a">Städtisches Museum Braunschweig</marc:subfield>
          </marc:datafield>
          <marc:datafield tag="" ind1=" " ind2=" ">
            <marc:subfield code="a">Namensnennung - Nicht kommerziell - Keine Bearbeitungen 4.0 International (CC BY-NC-ND 4.0)</marc:subfield>
          </marc:datafield>
        </marc:record>
      </metadata>
    </record>
  </GetRecord>
</OAI-PMH>
